000
00222 a2200097 4500
001
39797
100
_a
Banat Gul
245
_a
Baltistan in History
260
_a
Peshawar
_b
Emjay Books Inter.
_c
1988
090
_c
24802
_d
24802
942
_a
NUST-CAE
_c
M
_c
16450
999
_c
274870
_d
274870